Phân tích hiệu quả sản xuất của mô hình nuôi cá lóc của nông hộ trên địa bàn huyện Trà Cú, tỉnh Trà Vinh : Luận văn Thạc sĩ Kinh tế. Chuyên ngành Kinh tế nông nghiệp

Đề tài đánh giá thực trạng sản xuất của các hộ nuôi cá lóc, đánh giá hiệu quả sản xuất và phân tích những nhân tố tác động đến hiệu quả kỹ thuật của mô hình nuôi cá lóc của nông hộ trên địa bàn huyện Trà Cú, Trà Vinh....

Cur síos iomlán

Đã lưu trong:
Sonraí Bibleagrafaíochta
Príomhúdar: Nguyễn, Khánh Tiên
Formáid: Leabhar
Teanga:Undetermined
Foilsithe: Cần Thơ Trường Đại học Cần Thơ 2015
Ábhair:
Clibeanna: Cuir Clib Leis
Gan Chlibeanna, Bí ar an gcéad duine leis an taifead seo a chlibeáil!
Thư viện lưu trữ: Trung tâm Học liệu Trường Đại học Cần Thơ
LEADER 01258nam a2200217Ia 4500
001 CTU_203366
008 210402s9999 xx 000 0 und d
082 |a 338.16 
082 |b T305 
100 |a Nguyễn, Khánh Tiên 
245 0 |a Phân tích hiệu quả sản xuất của mô hình nuôi cá lóc của nông hộ trên địa bàn huyện Trà Cú, tỉnh Trà Vinh : 
245 0 |b Luận văn Thạc sĩ Kinh tế. Chuyên ngành Kinh tế nông nghiệp 
245 0 |c Nguyễn Khánh Tiên ; Nguyễn Ngọc Thành (Cán bộ hướng dẫn) 
260 |a Cần Thơ 
260 |b Trường Đại học Cần Thơ 
260 |c 2015 
520 |a Đề tài đánh giá thực trạng sản xuất của các hộ nuôi cá lóc, đánh giá hiệu quả sản xuất và phân tích những nhân tố tác động đến hiệu quả kỹ thuật của mô hình nuôi cá lóc của nông hộ trên địa bàn huyện Trà Cú, Trà Vinh. 
650 |a Nông nghiệp,Agriculture 
650 |x Khía cạnh kinh tế,Economic aspects 
904 |i Hải 
980 |a Trung tâm Học liệu Trường Đại học Cần Thơ